00322nam a2200133 a 4500008004100000050001500041100002400056245002100080246002800101260002500129300001000154350000900164650001500173120416s1961 ||||||||||||||||| || u aBD 646 Why aWhyte, Lancelot Law10aEssay on atomism afrom Democritus to 1960 aLondonbNelsonc1961 a108p. a0.00 aPHILOSOPHY